000
002760000a22000970004500
100
1
_a
Noble, Tom A.
245
1
0
_a
Gregory Nazianen's use of Scripture in defence of the deity of the Spirit
300
_a
Num 39 (1988), Páginas 101-124
773
0
_t
Tyndale Bulletin
942
_c
ANA
999
_c
56688
_d
56688